Into the freezer and out

Gespeichert in:
Bibliographische Detailangaben
Hauptverfasser: Tressler, Donald K (VerfasserIn), Evers, Clifford F (VerfasserIn)
Format: Buch
Sprache:Englisch
Veröffentlicht: Nueva York Avi Publishing Company, Inc. 1953
Ausgabe:1a. ed
Schlagworte:
Tags: Tag hinzufügen
Keine Tags, Fügen Sie den ersten Tag hinzu!

MARC

LEADER 00000cam a2200000 a 4500
001 UCC1298
003 CL-VaPUC
008 171020e19530000us |||||||||||||||||eng|d
082 0 4 |a 664.8037  |b TRE  |2 21 
100 0 |a Tressler, Donald K  |e author  |9 595359 
700 0 |a Evers, Clifford F  |e author  |9 595360 
245 1 0 |a Into the freezer and out 
250 |a 1a. ed 
300 |a 246 p 
942 |c BK 
945 |d 20171020 15:16:00  |a dcastane 
260 |a Nueva York  |b Avi Publishing Company, Inc.  |c 1953 
650 0 |a Refrigeración  |9 259343 
650 7 |a CONGELACION DE ALIMENTOS  |2 CL-VaPUC  |9 426244 
650 7 |a TECNOLOGIA DE ALIMENTOS  |2 CL-VaPUC  |9 595361 
583 |a last modification  |c 20171020 15:16:00  |k Rodrigo Vera 
999 |c 369849  |d 369847 
952 |0 0  |1 0  |3 erd  |4 0  |6 664_803700000000000_TRE_1953  |7 0  |8 A  |9 485994  |a BIBALI  |b BIBALI  |i 5431255  |o 664.8037 TRE 1953  |p 5431255  |r 2025-01-20  |w 2019-11-24  |y BK  |z Catalogado en:20171020  |k ALI